000 00509nam a2200193Ia 4500
005 20250923144703.0
008 008 250917s9999 xx 000 0 eng d
037 _aTextual
040 _aDSWL
_beng
_cDSWL
041 _aeng
_2eng
084 _aX:9n2:N47, J8
_qDSWL
245 0 _aIndian Labour Year Book 1958
260 _aDelhi
_b Pubs. Civil Lines
_c1959
300 _av,463p.
365 _aINR
_b12.50
925 _g12.50
942 _cTEXL
_hX:9n2:N47, J8
999 _c1442051
_d1442051